000 00741nam a2200205Ia 4500
001 7270
003 GE_BSU
008 181216s||||||||xx |||||||||||||| ||und||
040 _cGE_BSU
080 _a811.161.1(075)
100 _aВоздвиженская,И.В. Картвелишвили,А.М. Цагикян,Р.Н.
245 _aСборник упражнений по русскому языку:фонетика и морфология.
245 _cРед.Э.Неверовская.
260 _aТб.
260 _bГанатлеба.
260 _c1983.
300 _a206стр.20см.
653 _aСборник упражнений по русскому языку:фонетика и морфология.
942 _cBK
999 _c40642
_d40642